Prueba de Ecuador - Estadísticas

Estadísticas generales
  • Esta prueba ha sido intentada 2.874 veces
  • La puntuación promedio es 14 de 20
Estadísticas de respuestas
Pregunta Respuesta % Correcto
Idioma oficial Español
99%
Capital Quito
99%
La cordillera que atraviesa Ecuador Andes
93%
Países que limitan con Ecuador Colombia
93%
Países que limitan con Ecuador Perú
93%
El este del país es parte de esta selva tropical Amazonia
87%
Cadena de islas situada a 906 km al oeste del continente Galápagos
82%
Moneda Dólar
75%
El imperio sudamericano que conquistó el Ecuador moderno en el 1400 Inca
73%
El 72% de los ecuatorianos son ______, una mezcla de descendencia española y amerindia {Mestizo}s
70%
El científico que visitó esas islas a bordo del HMS Beagle Charles Darwin
69%
La lengua nativa más hablada Quechua
68%
El área urbana más poblada Guayaquil
66%
Ecuador es el mayor exportador mundial de esta fruta {Plátano}s
66%
El pájaro en el escudo de armas {Cóndor} Andino
60%
Especies que se extinguieron cuando el Solitario George murió en 2012 {Tortuga} gigante de Pinta
56%
Estilo de sombrero que viene de Ecuador pero que irónicamente lleva el nombre de un país diferente Sombrero {Panamá}
39%
La montaña más alta del mundo (cuando se mide desde el centro de la Tierra) Chimborazo
38%
El tipo de iguana que se encuentra sólo en esas islas Iguana {marina}
22%
Medicamento antipalúdico hecho de Cinchona, el árbol nacional del Ecuador Quinina
15%
No se encontraron pruebas coincidentes
Distribución de puntuación
Porcentaje de gente con cada puntuación
Porcentaje por número respondido
Historial de tus puntuaciones
No has intentado esta prueba.